000 00733nam a22002291 4500
001 sa 68006048
003 DLC
005 20260227112513.0
008 710915s1962 ii 00000 eng
010 _asa 68006048
025 _aPL480:I-E-8562
043 _aa-ii---
050 0 _aHJ4387.B7
_bA53
110 1 0 _aBonai, India (State)
245 1 0 _aFinal report on the land revenue settlement of the Bonai Feudatory State, Orissa.
260 0 _aBerhampur, Orissa,
_bPrinted at Sarada Press
_c[1962]
300 _aiii, 27, 6 p.
_c33 cm.
350 _aRe0.45
650 0 _aLand value taxation
_zBonai, India (State)
650 0 _aLand tenure
_zBonai, India (State)
650 0 _aAgriculture
_xEconomic aspects
_zIndia
_zBonai (State)
999 _c81099
_d81099